<?xml version="1.0" encoding="UTF-8"?><?xml-stylesheet type="text/xsl" href="static/style.xsl"?><OAI-PMH xmlns="http://www.openarchives.org/OAI/2.0/" xmlns:xsi="http://www.w3.org/2001/XMLSchema-instance" xsi:schemaLocation="http://www.openarchives.org/OAI/2.0/ http://www.openarchives.org/OAI/2.0/OAI-PMH.xsd"><responseDate>2026-04-17T20:45:27Z</responseDate><request verb="GetRecord" identifier="oai:www.recercat.cat:10459.1/468488" metadataPrefix="marc">https://recercat.cat/oai/request</request><GetRecord><record><header><identifier>oai:recercat.cat:10459.1/468488</identifier><datestamp>2025-09-15T18:15:23Z</datestamp><setSpec>com_2072_3622</setSpec><setSpec>col_2072_479130</setSpec></header><metadata><record xmlns="http://www.loc.gov/MARC21/slim" xmlns:dcterms="http://purl.org/dc/terms/" xmlns:xsi="http://www.w3.org/2001/XMLSchema-instance" xmlns:doc="http://www.lyncode.com/xoai" xsi:schemaLocation="http://www.loc.gov/MARC21/slim http://www.loc.gov/standards/marcxml/schema/MARC21slim.xsd">
   <leader>00925njm 22002777a 4500</leader>
   <datafield ind2=" " ind1=" " tag="042">
      <subfield code="a">dc</subfield>
   </datafield>
   <datafield ind2=" " ind1=" " tag="720">
      <subfield code="a">Carbonell-Roca, Joan</subfield>
      <subfield code="e">author</subfield>
   </datafield>
   <datafield ind2=" " ind1=" " tag="720">
      <subfield code="a">Bergadà i Zapata, M. Mercè</subfield>
      <subfield code="e">author</subfield>
   </datafield>
   <datafield ind2=" " ind1=" " tag="720">
      <subfield code="a">Alonso, Natàlia</subfield>
      <subfield code="e">author</subfield>
   </datafield>
   <datafield ind2=" " ind1=" " tag="260">
      <subfield code="c">2025-07-21</subfield>
   </datafield>
   <datafield ind2=" " ind1=" " tag="520">
      <subfield code="a">The technique of soil micromorphology has seen a significant increase in its use over the past few decades. However, this tool is still underutilized in protohistoric sites in the Iberian Peninsula, despite having shown promising results. This work examines the use of gypsum as a construction material in the protohistoric site of Gebut, (Lleida, Spain), through a geoarchaeological study based on micromorphology. The results challenge the belief that gypsum can only be used in interior spaces or for decorative purposes. Its use has been identified in floors, plaster, and mortars, both in interior and exterior spaces. Additionally, parallels are drawn with other protohistoric sites in the northeast of the peninsula, where gypsum was used in mortars, plaster, structures related to liquid production, and waterproof floors. Under environmental conditions, gypsum tends to dissolve/precipitate and can naturally occurring at the site through various mechanisms. The study incorporates micromorphology criteria to distinguish between pedogenic and anthropogenic gypsum based on its general spatial arrangement, percentage, or the morphology and size of its crystals. Furthermore, adding specific temper (well-classified ceramic fragments and rubified aggregates) and plant fragments has been documented as very likely to improve mechanical properties and durability. These findings reveal advanced technical knowledge of gypsum in the Protohistoric period, involving pyrotechnical skills, granulometric selection, and the use of natural additives to optimize its properties. The results encourage further physical-chemical studies to validate these hypotheses and reconsider gypsum’s role as a versatile structural material in protohistoric architecture.</subfield>
   </datafield>
   <datafield ind2=" " ind1=" " tag="520">
      <subfield code="a">This study was financed by the following research projects: CLTOO9/21/00057, Quadrennial Project 2022–2025, Habitar la plana. Assentaments i explotació de la vall inferior del Segre (III-I mil·lenni), OSIC-Generalitat de Catalunya; ARQ-HISTEC. Food Economies and Population Dynamics in the Western Mediterranean: Archaeology and History of pre-modern societies (2021 SGR 01607); PID2023-148979NB-I00, Identification of households and domestic production through multiproxy analysis in the western Catalan plain between the 4th and 1st millennium BCE (HOUSEPROD), MICIU; PID 2020-113960GB– I00, https://doi.org/AEI/10.13039/5011000110033 (Ministerio de Ciencia, Innovación y Universidades, Spain); 2021 SGR 00337 (University and Research Grants Management Agency (AGAUR).</subfield>
   </datafield>
   <datafield tag="653" ind2=" " ind1=" ">
      <subfield code="a">Soil micromorphology</subfield>
   </datafield>
   <datafield tag="653" ind2=" " ind1=" ">
      <subfield code="a">Gypsum</subfield>
   </datafield>
   <datafield tag="653" ind2=" " ind1=" ">
      <subfield code="a">Earth construction</subfield>
   </datafield>
   <datafield tag="653" ind2=" " ind1=" ">
      <subfield code="a">Technology</subfield>
   </datafield>
   <datafield tag="653" ind2=" " ind1=" ">
      <subfield code="a">Protohistory</subfield>
   </datafield>
   <datafield tag="653" ind2=" " ind1=" ">
      <subfield code="a">Iberian Peninsula</subfield>
   </datafield>
   <datafield ind2="0" ind1="0" tag="245">
      <subfield code="a">High-resolution insights into protohistoric construction: a micromorphological study of gypsum use in earthen architecture in Gebut (Lleida, Spain)</subfield>
   </datafield>
</record></metadata></record></GetRecord></OAI-PMH>